LIBRARY & INFORMATION CENTRE, KCAET, TAVANUR

ONLINE PUBLIC ACCESS CATALOGUE (OPAC)

Poems / (Record no. 4980)

MARC details
000 -LEADER
fixed length control field 00339cam a2200133ua 4500
041 ## - LANGUAGE CODE
Language code of text/sound track or separate title eng
082 ## - DEWEY DECIMAL CLASSIFICATION NUMBER
Classification number 821
Item number MAS/PO
100 ## - MAIN ENTRY--AUTHOR NAME
Personal name Masefield, John .
245 ## - TITLE STATEMENT
Title Poems /
260 ## - PUBLICATION, DISTRIBUTION, ETC. (IMPRINT)
Place of publication London :
Name of publisher Heinemann Educational Books Ltd. ,
Year of publication 1961.
300 ## - PHYSICAL DESCRIPTION
Number of Pages 922 ; .
942 ## - ADDED ENTRY ELEMENTS (KOHA)
Koha item type Books
Holdings
Withdrawn status Lost status Damaged status Home library Current library Date acquired Full call number Accession Number Koha item type
Withdrawn     KAUAET KAUAET 07/04/2012 821 6443 Books
free website counter